Vplyv vybraných činiteľov na vývoj kapitálového trhu v SR autoreferát dizertačnej práce

Salvato in:
Dettagli Bibliografici
Autore principale: Šabíková, Ingrid
Ente Autore: Slovenská poľnohospodárska univerzita v Nitre
Altri autori: Kočner, Marián
Natura: Libro
Lingua:slovacco
Pubblicazione: Nitra 2005
Soggetti:
Tags: Aggiungi Tag
Nessun Tag, puoi essere il primo ad aggiungerne!!

MARC

LEADER 00000nam$a2200000$$$4500
001 0095305
005 20240502072049.2
041 0 |a slo 
044 |a SK 
245 1 0 |a Vplyv vybraných činiteľov na vývoj kapitálového trhu v SR  |b autoreferát dizertačnej práce  |c Ingrid Šabíková ; škol. Marián Kočner 
264 1 |a Nitra  |c 2005 
300 |a 34 s. 
610 2 0 |a trh kapitálový 
610 2 0 |a Slovensko 
100 1 |a Šabíková, Ingrid 
700 1 |a Kočner, Marián 
710 2 |a Slovenská poľnohospodárska univerzita v Nitre